000 00417nam a2200181Ia 4500
001 3968
005 20260306145722.0
008 260306t1985||||xx |||||||||||||| ||spa||
041 _aESP
082 _a306
_bP633
100 _aPfeiffer, John E.
_eAUT
245 4 _aThe emergence of humankind
260 _c1985
300 _a440 páginas :
_c23 cm.
650 _aGEN
654 _aCHU
942 _cLIB
_dJUS
_fJUS
_2ddc
_n
999 _c3968
_d3968